00552nam a2200193 a 4500001001300000003000900013005001700022008004100039020002300080082001700103100002100120245005200141260004400193300001000237500003500247505003000282650002500312700002100337nice12345678IN_TiNIC20260116014727.0140130s1997 lona grp 000 0 eng  a0195641736 c42500a954.14bEAT1 aEaton, Richard M aRise of Islam and the Bengal Frontier 1204-1760 aLondan bOxford University Press c1997 a359p  aincludes index and biblioraphy2 aappendices, biblio, index aIndia-History-bengal1 aEaton, Richard M